[Event "TCh-RUS Rapid 2017"]
[Site "Sochi RUS"]
[Date "2017.10.04"]
[Round "9.4"]
[Board "4"]
[White "Gogolev, Artem"]
[Black "Kobalia, Mikhail"]
[Result "0-1"]
[BlackTitle "GM"]
[WhiteElo "2427"]
[BlackElo "2596"]
[WhiteTeam "The team of the Vologda region"]
[BlackTeam "Legends of Moscow (Moscow)"]
[WhiteFideId "4116615"]
[BlackFideId "4119150"]
[EventDate "2017.10.03"]

1. Nf3 d5 2. c4 c6 3. d4 Nf6 4. g3 Bg4 5. Bg2 e6 6. O-O Nbd7 7. Qb3 Qb6 8. Nc3
Be7 9. Bf4 O-O 10. c5 Qa6 11. h3 Bh5 12. Rfe1 b6 13. cxb6 axb6 14. e4 dxe4 15.
Nxe4 Nxe4 16. Rxe4 Nf6 17. Ree1 Bxf3 18. Bxf3 Nd5 19. Be3 b5 20. a3 Rfc8 21.
Rac1 Qb6 22. Re2 Bf6 23. Rec2 g6 24. Bxd5 exd5 25. Qb4 Qb7 26. Qd6 Be7 27. Qe5
Qd7 28. Bh6 f6 29. Qe3 Kf7 30. h4 Ra4 31. Bf4 Rc4 32. Rxc4 dxc4 33. Re1 Re8 34.
Qc3 Rd8 35. Rd1 Qd5 36. Qa5 Bf8 37. Qc7+ Rd7 38. Qb8 Rd8 39. Qb7+ Qd7 40. Qb6
Re8 41. Be3 Qd5 42. a4 Qf3 43. Re1 Bb4 44. Ra1 Rxe3 45. fxe3 Qxg3+ 46. Kf1 Qf3+
47. Kg1 Qxe3+ 48. Kf1 Qf3+ 49. Kg1 Qg3+ 50. Kf1 Qh3+ 51. Kg1 Qg3+ 52. Kf1 Qf3+
53. Kg1 Bd2 54. axb5 Be3+ 55. Kh2 Qf2+ 56. Kh3 Qf5+ 57. Kh2 Bf4+ 58. Kg2 Qg4+
59. Kf1 Qh3+ 60. Kf2 Qh2+ 61. Kf3 Qg3+ 62. Ke2 Qg2+ 63. Ke1 Bg3+ 64. Kd1 Qf1+
65. Kd2 Qd3+ 66. Kc1 Bf4# 0-1

[Event "TCh-RUS Rapid 2017"]
[Site "Sochi RUS"]
[Date "2017.10.04"]
[Round "9.5"]
[Board "1"]
[White "Moskalenko, Alexander"]
[Black "Sarana, Alexey"]
[Result "1/2-1/2"]
[WhiteTitle "IM"]
[BlackTitle "GM"]
[WhiteElo "2522"]
[BlackElo "2543"]
[WhiteTeam "AQ (Krasnodar Territory)"]
[BlackTeam "Locomotive (Moscow)"]
[WhiteFideId "4155351"]
[BlackFideId "24133795"]
[EventDate "2017.10.03"]

1. Nf3 Nf6 2. c4 g6 3. Nc3 d5 4. cxd5 Nxd5 5. e4 Nxc3 6. dxc3 Qxd1+ 7. Kxd1 Bg4
8. Bf4 c6 9. Be2 Nd7 10. Ne5 Bxe2+ 11. Kxe2 Nxe5 12. Bxe5 f6 13. Bf4 e5 14. Be3
Bd6 15. Rhd1 Ke7 16. c4 Rhd8 17. Rd3 Bc7 18. Ra3 a6 19. Rb3 b5 20. a4 bxc4 21.
Rb7 Rd7 22. Rc1 Ba5 23. Bc5+ Ke6 24. Rxd7 Kxd7 25. Rxc4 Rb8 26. b4 Bb6 27. Bxb6
Rxb6 28. g3 a5 29. bxa5 Ra6 30. Rb4 Rxa5 31. Kd3 c5 32. Rb6 1/2-1/2

[Event "TCh-RUS Rapid 2017"]
[Site "Sochi RUS"]
[Date "2017.10.04"]
[Round "9.5"]
[Board "2"]
[White "Krylov, Mikhail RUS"]
[Black "Vastrukhin, Oleg"]
[Result "0-1"]
[WhiteTitle "GM"]
[WhiteElo "2476"]
[BlackElo "2386"]
[WhiteTeam "Locomotive (Moscow)"]
[BlackTeam "AQ (Krasnodar Territory)"]
[WhiteFideId "4151364"]
[BlackFideId "4192770"]
[EventDate "2017.10.03"]

1. d4 g6 2. e4 Bg7 3. Nf3 c6 4. h3 d5 5. e5 Nh6 6. Bf4 f6 7. exf6 exf6 8. Qd2
Nf5 9. Nc3 O-O 10. O-O-O b5 11. Kb1 a5 12. Bd3 Na6 13. Rde1 Nb4 14. g4 Nd6 15.
Re2 Nc4 16. Qc1 a4 17. Rhe1 Ra7 18. a3 Nxd3 19. cxd3 Na5 20. Na2 g5 21. Bg3 f5
22. Be5 fxg4 23. Nxg5 Bf5 24. Qe3 Nc4 25. Qc1 Bxd3+ 26. Ka1 Na5 0-1

[Event "TCh-RUS Rapid 2017"]
[Site "Sochi RUS"]
[Date "2017.10.04"]
[Round "9.5"]
[Board "3"]
[White "Oganian, Miran"]
[Black "Demidov, Mikhail"]
[Result "1/2-1/2"]
[WhiteTitle "IM"]
[BlackTitle "IM"]
[WhiteElo "2454"]
[BlackElo "2523"]
[WhiteTeam "AQ (Krasnodar Territory)"]
[BlackTeam "Locomotive (Moscow)"]
[WhiteFideId "4122488"]
[BlackFideId "4197143"]
[EventDate "2017.10.03"]

1. d4 e6 2. c4 Bb4+ 3. Bd2 Qe7 4. Nf3 Nf6 5. g3 O-O 6. Bg2 Bxd2+ 7. Nbxd2 d6 8.
Nf1 e5 9. Ne3 c6 10. O-O Ng4 11. Qd2 Re8 12. Rfe1 Nxe3 13. Qxe3 Bg4 14. dxe5
dxe5 15. Rad1 Nd7 16. Rd2 Qc5 17. Qxc5 Nxc5 18. h3 Bf5 19. g4 Be4 20. b4 Bxf3
21. bxc5 Bxg2 22. Kxg2 Kf8 23. Rb1 Rab8 24. Rdb2 Re7 25. a4 a5 26. Rb6 Rc7 27.
Ra6 Rd8 28. Rxa5 Rd4 29. Rb4 Ke7 30. Ra7 Rdd7 31. a5 Ke6 32. Kf3 f5 33. gxf5+
Kxf5 34. e4+ Kg5 35. Ke3 Kh4 36. Rb1 Kxh3 37. Rh1+ Kg2 38. Rxh7 Rf7 39. a6 Rcd7
40. axb7 Rf3+ 41. Ke2 Rxf2+ 42. Ke1 Rf1+ 43. Ke2 Rf2+ 44. Ke1 Rf1+ 1/2-1/2

[Event "TCh-RUS Rapid 2017"]
[Site "Sochi RUS"]
[Date "2017.10.04"]
[Round "9.5"]
[Board "4"]
[White "Lugovskoy, Maxim"]
[Black "Utnasunov, Alexander"]
[Result "1/2-1/2"]
[WhiteTitle "GM"]
[WhiteElo "2474"]
[BlackElo "2446"]
[WhiteTeam "Locomotive (Moscow)"]
[BlackTeam "AQ (Krasnodar Territory)"]
[WhiteFideId "24126454"]
[BlackFideId "4134524"]
[EventDate "2017.10.03"]

1. d4 d5 2. Nc3 Nf6 3. Bf4 c6 4. e3 Bf5 5. f3 Qb6 6. Rb1 Nbd7 7. g4 Bg6 8. h4 h6
9. Nge2 e6 10. Bg3 c5 11. Nf4 Bd6 12. Be2 a6 13. Kf1 Qc7 14. Qd2 Rc8 15. Kg2 b5
16. Bxb5 cxd4 17. Bxd7+ Nxd7 18. exd4 Bh7 19. g5 Bf5 20. Rbe1 Kf8 21. Nfe2 Nb6
22. Bxd6+ Qxd6 23. Ng3 Nc4 24. Nxf5 exf5 25. Qc1 f4 26. Nd1 hxg5 27. hxg5 Rxh1
28. Rxh1 Kg8 29. b3 Ne3+ 30. Nxe3 fxe3 31. Qxe3 Rxc2+ 32. Kh3 Qd7+ 33. Kg3 Qd6+
34. Qe5 Qxe5+ 35. dxe5 Rxa2 36. Rd1 Ra5 37. f4 g6 38. Kg4 Rb5 39. Rd3 Kf8 40.
Rc3 a5 41. Rc8+ Ke7 42. Rc7+ Ke6 43. Rc6+ Ke7 44. Rc7+ Ke6 45. Rc6+ Ke7 46. Ra6
Kd7 47. Rf6 Ke7 48. e6 fxe6 49. Rxg6 d4 50. Rg7+ Ke8 51. Kf3 d3 52. Ke3 Rd5 53.
Kd2 Rd4 54. Ra7 Rxf4 55. Kxd3 Rf5 56. g6 Kf8 57. Ra6 Ke7 58. Kc4 Kf6 59. g7 Rg5
60. Kc3 Rxg7 61. Rxa5 e5 62. b4 Rc7+ 63. Kb3 e4 64. b5 e3 65. Ra1 Ke5 66. Kb4
Ke4 67. b6 Rb7 68. Kc5 e2 69. Kc6 Rxb6+ 70. Kxb6 Kf3 71. Kc5 Kf2 72. Ra2 Kf1 73.
Rxe2 1/2-1/2

[Event "TCh-RUS Rapid 2017"]
[Site "Sochi RUS"]
[Date "2017.10.04"]
[Round "9.6"]
[Board "1"]
[White "Sjugirov, Sanan"]
[Black "Goryachkina, Aleksandra"]
[Result "1-0"]
[WhiteTitle "GM"]
[BlackTitle "WGM"]
[WhiteElo "2650"]
[BlackElo "2478"]
[WhiteTeam "Friends of Ivan Bukavshin (Samara)"]
[BlackTeam "YAMAL (YANAO)"]
[WhiteFideId "4189302"]
[BlackFideId "4147103"]
[EventDate "2017.10.03"]

1. c4 e6 2. Nc3 d5 3. d4 Nf6 4. cxd5 exd5 5. Bg5 c6 6. e3 Be7 7. Bd3 Nbd7 8. Qc2
Nf8 9. Nge2 Ne6 10. Bh4 g6 11. O-O O-O 12. Rad1 b6 13. f3 Bb7 14. Bf2 Nh5 15.
Qd2 f5 16. Ng3 Nhg7 17. Kh1 Bd6 18. Nge2 Qd7 19. e4 fxe4 20. fxe4 Be7 21. e5 Rf7
22. Be3 Raf8 23. Rxf7 Rxf7 24. Nf4 Nxf4 25. Bxf4 Ne6 26. Be3 Qd8 27. Be2 Bc8 28.
h3 Bg5 29. Bg4 Bxe3 30. Qxe3 Ng7 31. Bxc8 Qxc8 32. Ne2 Ne6 33. Kg1 Qf8 34. a3
Qe7 35. b4 Qh4 36. Rc1 Kg7 37. Kh2 Rc7 38. Qf3 Rf7 39. Qe3 Rc7 40. a4 c5 41.
bxc5 bxc5 42. dxc5 d4 43. Qb3 Nxc5 44. Qd5 d3 45. Ng3 Qe7 46. Qd6 d2 47. Qxd2
Qxe5 48. Re1 Qf6 49. Rf1 Qe5 50. Re1 Qf6 51. Qa5 Qb6 52. Qc3+ Qf6 53. Qc4 Qf7
54. Qg4 Qd7 55. Nh5+ Kh6 56. Qf4+ 1-0

[Event "TCh-RUS Rapid 2017"]
[Site "Sochi RUS"]
[Date "2017.10.04"]
[Round "9.6"]
[Board "2"]
[White "Potapov, Pavel"]
[Black "Kovalev, Vladislav"]
[Result "0-1"]
[WhiteTitle "GM"]
[BlackTitle "GM"]
[WhiteElo "2479"]
[BlackElo "2636"]
[WhiteTeam "YAMAL (YANAO)"]
[BlackTeam "Friends of Ivan Bukavshin (Samara)"]
[WhiteFideId "4169786"]
[BlackFideId "13504398"]
[EventDate "2017.10.03"]

1. e4 c5 2. Nf3 Nc6 3. Nc3 Nf6 4. d4 cxd4 5. Nxd4 e5 6. Ndb5 d6 7. Bg5 a6 8. Na3
b5 9. Bxf6 gxf6 10. Nd5 Bg7 11. g3 f5 12. Bg2 f4 13. c3 O-O 14. Nc2 a5 15. Qh5
b4 16. O-O bxc3 17. bxc3 Ne7 18. gxf4 Nxd5 19. exd5 exf4 20. Nd4 h6 21. Nf5 Bxf5
22. Qxf5 Qg5 23. Qd3 Kh8 24. Kh1 Rg8 25. Bf3 Be5 26. Rac1 Qh4 27. Qf5 Rg7 28.
Qh5 Qf6 29. c4 Bd4 30. Rb1 Rg5 31. Qh3 Rag8 32. Be4 Re8 33. Qf3 Bc5 34. Bc2 Qd4
35. Qh3 Kg7 36. Rg1 Re5 37. Rxg5+ Rxg5 38. Qd3 Qxd3 39. Bxd3 Bxf2 40. Rf1 Be3
41. Be4 Kf6 42. Bf3 Ke5 43. a4 Kd4 44. Be2 Rg8 45. Rb1 Ke4 46. Rf1 Rb8 47. Bh5
Rb4 48. Bxf7 Rxa4 49. Bg6+ Kd4 50. Kg2 Ra2+ 51. Kf3 a4 0-1

[Event "TCh-RUS Rapid 2017"]
[Site "Sochi RUS"]
[Date "2017.10.04"]
[Round "9.6"]
[Board "3"]
[White "Predke, Alexandr"]
[Black "Belyakov, Bogdan"]
[Result "1/2-1/2"]
[WhiteTitle "GM"]
[BlackTitle "IM"]
[WhiteElo "2601"]
[BlackElo "2486"]
[WhiteTeam "Friends of Ivan Bukavshin (Samara)"]
[BlackTeam "YAMAL (YANAO)"]
[WhiteFideId "24107581"]
[BlackFideId "24104795"]
[EventDate "2017.10.03"]

1. e4 d6 2. d4 Nf6 3. Nc3 e5 4. Nf3 Nbd7 5. Bc4 h6 6. dxe5 dxe5 7. Qe2 c6 8. a4
Qa5 9. O-O Bb4 10. Nb1 O-O 11. c3 Be7 12. Nh4 Qc7 13. Nd2 a5 14. Ndf3 Nc5 15.
Ng6 Re8 16. Nfxe5 Be6 17. Bxe6 Nxe6 18. Nxe7+ Qxe7 19. Ng4 Nc5 20. Nxf6+ Qxf6
21. f3 Nb3 22. Ra3 Nxc1 23. Rxc1 Rad8 24. Raa1 Qe6 25. Qc2 Qc4 26. Rd1 Qc5+ 27.
Qf2 Qc4 28. Rd4 Qb3 29. Ra3 Qb6 30. Rxd8 Qxd8 31. Ra1 Re6 32. Re1 Rd6 33. h3 Rd2
34. Re2 Rd1+ 35. Kh2 Qd3 36. Qe3 Qb1 37. Rd2 Rh1+ 38. Kg3 Qa2 39. Qf4 Qe6 40.
Rd8+ Kh7 41. Qf5+ Qxf5 42. exf5 Rb1 43. Rd7 Rxb2 44. Rxf7 Kg8 45. Rc7 Kf8 46. h4
Kg8 47. Kh3 Kf8 48. g4 Rb3 49. Kg3 Rxc3 50. Rxb7 Rc4 51. Rc7 Rxa4 52. Rxc6 Ra1
53. Ra6 a4 54. Kf4 a3 55. g5 hxg5+ 56. hxg5 a2 57. Ra8+ Kf7 58. Ra7+ Kf8 59. g6
Ke8 60. Ra6 Ke7 61. Ra8 Kd7 62. f6 gxf6 63. g7 Rg1 64. Rxa2 Ke6 65. Ra7 Rg5 66.
Rb7 Rg1 67. Ra7 Rg5 68. Rc7 Rg1 69. Rb7 Rg5 70. Ra7 Rg1 71. Ra1 Rxg7 72. Ra6+
Kf7 73. Ra7+ Kg6 74. Rxg7+ Kxg7 75. Kf5 Kf7 76. f4 Kg7 77. Ke6 1/2-1/2

[Event "TCh-RUS Rapid 2017"]
[Site "Sochi RUS"]
[Date "2017.10.04"]
[Round "9.6"]
[Board "4"]
[White "Savitskiy, Sergey"]
[Black "Yuffa, Daniil"]
[Result "0-1"]
[WhiteTitle "IM"]
[BlackTitle "GM"]
[WhiteElo "2412"]
[BlackElo "2527"]
[WhiteTeam "YAMAL (YANAO)"]
[BlackTeam "Friends of Ivan Bukavshin (Samara)"]
[WhiteFideId "24105660"]
[BlackFideId "24131423"]
[EventDate "2017.10.03"]

1. e4 e6 2. d4 d5 3. Nc3 Bb4 4. a3 Bxc3+ 5. bxc3 dxe4 6. f3 c5 7. Be3 Nc6 8.
dxc5 Qa5 9. Qd2 Nf6 10. c4 Qa6 11. Qc3 O-O 12. O-O-O e5 13. f4 Ng4 14. fxe5 Nxe3
15. Qxe3 Nxe5 16. Rd6 Qa5 17. Qxe4 Qxc5 18. Rd5 Qxa3+ 19. Kd2 Ng4 20. Bd3 g6 21.
Nh3 Nf6 22. Qh4 Nxd5 23. Ng5 Qa5+ 24. Kc1 Nf6 25. Rf1 h5 0-1

[Event "TCh-RUS Rapid 2017"]
[Site "Sochi RUS"]
[Date "2017.10.04"]
[Round "9.7"]
[Board "1"]
[White "Kurbedinov, Ramis"]
[Black "Novikov, Konstantin"]
[Result "1-0"]
[WhiteTitle "IM"]
[WhiteElo "2309"]
[BlackElo "2227"]
[WhiteTeam "Our Crimea (Republic of Crimea)"]
[BlackTeam "Tula (Tula region)"]
[WhiteFideId "14200619"]
[BlackFideId "24163554"]
[EventDate "2017.10.03"]

1. d4 Nf6 2. Nf3 g6 3. c4 c5 4. d5 b5 5. cxb5 a6 6. bxa6 Bg7 7. Nc3 O-O 8. e4
Qa5 9. Bd2 Bxa6 10. Be2 d6 11. O-O Nbd7 12. a4 Rfb8 13. Nb5 Qb6 14. Qc2 Ne8 15.
Bc3 Ndf6 16. Rfd1 Nc7 17. Nxc7 Qxc7 18. e5 Ne8 19. e6 fxe6 20. Ng5 Bxe2 21. Qxe2
e5 22. f4 Rb3 23. Ne6 Qc8 24. Nxg7 Nxg7 25. fxe5 Qf5 26. Rf1 Qg5 27. exd6 exd6
28. Rae1 Rb7 29. Qe4 Rf7 30. Rxf7 Kxf7 31. h4 Qd8 32. a5 Qd7 33. Qf4+ Kg8 34.
Qf6 Qf7 35. Qxd6 Rf8 36. Qxc5 Nf5 37. a6 Ra8 38. Qc6 Qa7+ 39. Kh2 Qb8+ 40. Be5
Qd8 41. Qe6+ Kf8 42. Bf6 Qb8+ 43. d6 Ra7 44. Rf1 Rxa6 45. Rxf5 1-0

[Event "TCh-RUS Rapid 2017"]
[Site "Sochi RUS"]
[Date "2017.10.04"]
[Round "9.7"]
[Board "2"]
[White "Novikov, Maxim"]
[Black "Iljin, Timofey"]
[Result "1-0"]
[WhiteTitle "GM"]
[BlackTitle "IM"]
[WhiteElo "2497"]
[BlackElo "2305"]
[WhiteTeam "Tula (Tula region)"]
[BlackTeam "Our Crimea (Republic of Crimea)"]
[WhiteFideId "4161289"]
[BlackFideId "14110180"]
[EventDate "2017.10.03"]

1. e4 c5 2. Nf3 Nc6 3. Bb5 d6 4. O-O Bd7 5. c3 Nf6 6. Re1 a6 7. Ba4 b5 8. Bc2
Bg4 9. d3 g6 10. Nbd2 Bg7 11. h3 Bxf3 12. Nxf3 O-O 13. d4 cxd4 14. cxd4 Rc8 15.
Bg5 h6 16. Be3 d5 17. e5 Ne4 18. Nd2 Nxd2 19. Qxd2 Qa5 20. Qd1 e6 21. h4 Ne7 22.
Bd2 Qd8 23. Bb4 Re8 24. h5 Nf5 25. hxg6 fxg6 26. Bxf5 gxf5 27. Re3 Kh7 28. Qh5
Qg5 29. Qf7 Qg6 30. Qd7 f4 31. Rf3 Qe4 32. Bc5 Kg6 33. b4 Rcd8 34. Qb7 Bf8 35.
Rc1 Bxc5 36. Rxc5 Qxd4 37. Rc7 Qa1+ 38. Kh2 Qxe5 39. Rh7 Kf5 40. g3 Ke4 41.
Rxf4+ Kd3 42. Qxa6 d4 43. Qa3+ Kc2 44. Qb3+ Kc1 45. Qd3 Qh5+ 46. Kg2 Qd5+ 47.
Re4 Rc8 48. Kg1 Rc3 49. Re1+ Kb2 50. Qb1+ Ka3 51. Ra7# 1-0

[Event "TCh-RUS Rapid 2017"]
[Site "Sochi RUS"]
[Date "2017.10.04"]
[Round "9.7"]
[Board "3"]
[White "Papenin, Nikolai"]
[Black "Shkurkin, Andrey"]
[Result "1-0"]
[WhiteTitle "IM"]
[BlackTitle "FM"]
[WhiteElo "2334"]
[BlackElo "2191"]
[WhiteTeam "Our Crimea (Republic of Crimea)"]
[BlackTeam "Tula (Tula region)"]
[WhiteFideId "14104741"]
[BlackFideId "34179647"]
[EventDate "2017.10.03"]

1. d4 d5 2. c4 e6 3. Nc3 c5 4. cxd5 exd5 5. Nf3 Nc6 6. g3 Nf6 7. Bg2 Be7 8. O-O
O-O 9. dxc5 Bxc5 10. Bg5 d4 11. Bxf6 Qxf6 12. Ne4 Qe7 13. Nxc5 Qxc5 14. Rc1 Qd6
15. Qd2 Bg4 16. Rfd1 Rad8 17. h3 Bh5 18. g4 Bg6 19. Nh4 Rfe8 20. Nxg6 Qxg6 21.
b4 h5 22. g5 h4 23. b5 Ne5 24. f4 Nd7 25. Qxd4 Nf8 26. Qf2 Rxd1+ 27. Rxd1 Qc2
28. Re1 Qxa2 29. Bxb7 Qb3 30. Bc6 Re3 31. Bf3 Re8 32. Qxh4 Ng6 33. Qg3 Qe3+ 34.
Kh2 Nxf4 35. Bc6 Qxg3+ 36. Kxg3 Rxe2 37. Ra1 Ne6 38. Rxa7 Nd4 39. g6 Nxc6 40.
Ra8+ 1-0

[Event "TCh-RUS Rapid 2017"]
[Site "Sochi RUS"]
[Date "2017.10.04"]
[Round "9.7"]
[Board "4"]
[White "Domogaev, Sergey"]
[Black "Derjabin, Ilja"]
[Result "1-0"]
[WhiteTitle "GM"]
[BlackTitle "IM"]
[WhiteElo "2412"]
[BlackElo "2360"]
[WhiteTeam "Tula (Tula region)"]
[BlackTeam "Our Crimea (Republic of Crimea)"]
[WhiteFideId "24103608"]
[BlackFideId "14104768"]
[EventDate "2017.10.03"]

1. d4 Nf6 2. c4 c5 3. d5 b5 4. cxb5 a6 5. bxa6 Bxa6 6. Nc3 d6 7. Nf3 g6 8. e4
Bxf1 9. Kxf1 Qc8 10. h3 Qa6+ 11. Kg1 Bg7 12. Kh2 O-O 13. Re1 Nbd7 14. Bf4 Rfb8
15. Rb1 Nb6 16. b3 Ng4+ 17. hxg4 Bxc3 18. Re2 Nd7 19. g5 Bg7 20. Rc2 Rb4 21. Nd2
Qd3 22. f3 Rd4 23. Qc1 Be5 24. Bg3 Bxg3+ 25. Kxg3 Ne5 26. Nc4 Nxc4 27. bxc4 Ra3
28. Kh2 Kg7 29. Rb7 Kf8 30. Rb8+ Kg7 31. Re8 Ra7 32. Rb2 Rxc4 33. Rbb8 1-0

[Event "TCh-RUS Rapid 2017"]
[Site "Sochi RUS"]
[Date "2017.10.04"]
[Round "9.8"]
[Board "1"]
[White "Kryakvin, Dmitry"]
[Black "Pogromsky, Mikhail"]
[Result "1/2-1/2"]
[WhiteTitle "GM"]
[BlackTitle "IM"]
[WhiteElo "2583"]
[BlackElo "2416"]
[WhiteTeam "Gogol Mogol (Moscow)"]
[BlackTeam "PShK Politechnik (Sverdlovskaya)"]
[WhiteFideId "4153278"]
[BlackFideId "4184688"]
[EventDate "2017.10.03"]

1. d4 Nf6 2. c4 e6 3. Nf3 b6 4. g3 Bb7 5. Bg2 g6 6. O-O Bg7 7. Nc3 Ne4 8. Nxe4
Bxe4 9. Bg5 Qc8 10. Qd2 d6 11. Bh6 O-O 12. Bxg7 Kxg7 13. Ne1 Bxg2 14. Nxg2 Nd7
15. e4 Qb7 16. f3 Rae8 17. Rae1 a5 18. Ne3 h5 19. Qc3 f6 20. Ng2 e5 21. Ne3 Nb8
22. Nc2 Nc6 23. d5 Nb8 24. b3 Nd7 25. a3 Ra8 26. Ne3 Nc5 27. Rc1 Rf7 28. Rf2 b5
29. b4 axb4 30. axb4 Na4 31. Qb3 bxc4 32. Rxc4 Qb5 33. Kg2 Nb6 34. Rc6 Ra4 35.
Qc3 Rxb4 36. Rxc7 Rb3 37. Qc1 h4 38. Ng4 Rxc7 39. Qxc7+ Qd7 40. Qc1 h3+ 41. Kxh3
g5 42. Kg2 Qb5 43. Ne3 Kg6 44. Nf5 Nc4 45. Qa1 Ne3+ 46. Nxe3 Rxe3 47. Qa8 Re2
48. Qa7 Rxf2+ 49. Qxf2 Qd3 50. h4 Kh5 51. Kh3 Qd1 52. g4+ Kh6 53. Kh2 Kg6 54.
Kg2 gxh4 55. Qxh4 Qe2+ 56. Qf2 Qd1 57. Qe3 Qc2+ 58. Kg3 Qb1 59. f4 exf4+ 60.
Kxf4 Qf1+ 61. Kg3 Qd1 62. Qf2 Kg7 63. Qf3 Qe1+ 64. Kh3 Qg1 65. Qd3 Qh1+ 66. Kg3
Qg1+ 67. Kf3 Qh1+ 68. Kf4 Qh2+ 69. Qg3 Qh6+ 70. g5 Qh5 71. Kf5 Qg6+ 72. Kf4 Kf7
73. Qg4 fxg5+ 74. Qxg5 Qf6+ 75. Qf5 Ke7 76. Qxf6+ Kxf6 77. Kf3 Kf7 78. Ke3 Ke7
79. Ke2 Ke8 80. Kd3 Kd7 81. Kc3 Kc7 82. Kc4 Kc8 83. Kc3 Kc7 84. Kd2 Kd8 85. Kd1
Kd7 86. Kc2 Kc8 87. Kd2 Kd8 88. Ke3 Ke7 89. Kf4 Kf6 90. Kg4 Kg6 91. Kg3 Kg7 92.
Kf2 Kf6 93. Ke3 Ke7 94. Ke2 Ke8 95. Kf3 Kf7 96. Kg4 Kg6 97. Kh4 Kf6 98. Kg3 Kg7
99. Kf2 Kf8 100. Ke1 Ke7 101. Kd1 Kd7 102. Kd2 Kd8 103. Kd3 Kd7 104. Kc4 Kc8
105. Kb4 Kb8 1/2-1/2

[Event "TCh-RUS Rapid 2017"]
[Site "Sochi RUS"]
[Date "2017.10.04"]
[Round "9.8"]
[Board "2"]
[White "Vokarev, Sergey"]
[Black "Smagin, Sergey"]
[Result "1/2-1/2"]
[WhiteTitle "GM"]
[BlackTitle "GM"]
[WhiteElo "2443"]
[BlackElo "2551"]
[WhiteTeam "PShK Politechnik (Sverdlovskaya)"]
[BlackTeam "Gogol Mogol (Moscow)"]
[WhiteFideId "4119711"]
[BlackFideId "4100425"]
[EventDate "2017.10.03"]

1. e4 d5 2. exd5 Nf6 3. Nf3 Nxd5 4. d4 g6 5. Bc4 Bg7 6. O-O O-O 7. c3 b6 8. Qe2
Bb7 9. Re1 Nc6 10. Nbd2 e6 11. Ne4 h6 12. Bd2 a5 13. Rad1 a4 14. h4 a3 15. b4
Nce7 16. Bd3 Nf5 17. g3 Nf6 18. Bf4 Nd5 19. Bd2 Nf6 20. Bf4 Nd5 1/2-1/2

[Event "TCh-RUS Rapid 2017"]
[Site "Sochi RUS"]
[Date "2017.10.04"]
[Round "9.8"]
[Board "3"]
[White "Popov, Mikhail"]
[Black "Kozlov, Oleg"]
[Result "1/2-1/2"]
[WhiteTitle "FM"]
[BlackTitle "IM"]
[WhiteElo "2416"]
[BlackElo "2303"]
[WhiteTeam "Gogol Mogol (Moscow)"]
[BlackTeam "PShK Politechnik (Sverdlovskaya)"]
[WhiteFideId "4146182"]
[BlackFideId "4104544"]
[EventDate "2017.10.03"]

1. Nf3 Nf6 2. c4 e6 3. Nc3 d5 4. d4 c6 5. Bg5 Nbd7 6. e3 Qa5 7. Nd2 Bb4 8. Qc2
c5 9. dxc5 dxc4 10. Nxc4 Qxc5 11. Bxf6 Nxf6 12. a3 Bxc3+ 13. Qxc3 O-O 14. Rc1
Bd7 15. Ne5 Qxc3+ 16. Rxc3 Rfc8 17. Nxd7 Nxd7 18. Bd3 Rxc3 19. bxc3 Rc8 20. Kd2
Nc5 21. Bc2 Kf8 22. g4 h6 23. h4 Ke7 24. Rg1 Nd7 25. Be4 b6 26. f4 Rc4 27. Bc2
Rc5 28. g5 Kf8 29. Rb1 Nb8 30. a4 Rd5+ 31. Ke2 Nd7 32. Rb5 Rc5 33. Kd2 Ke7 34.
Rb4 Rc7 35. Rb5 hxg5 36. hxg5 Rc8 37. Rb4 Rc5 38. Rb5 Kd6 39. Rb4 Ke7 40. Rb5
Rxb5 41. axb5 Kd6 42. c4 f6 43. gxf6 gxf6 44. Kc3 Kc5 45. Be4 f5 46. Bc6 Nf6 47.
Bf3 Ng4 48. Kd3 Nf2+ 49. Ke2 Ne4 50. Kd3 Nd6 51. Bc6 Nxc4 52. Bd7 Nb2+ 53. Kc2
Kd6 54. Bxe6 Kxe6 55. Kxb2 Kd5 56. Kc3 Kc5 57. Kd3 Kxb5 58. e4 fxe4+ 59. Kxe4
Kc6 60. Kf5 b5 61. Kg5 Kd7 62. Kh6 b4 63. f5 b3 64. f6 b2 65. f7 b1=Q 66. f8=Q
Qh1+ 67. Kg5 Qg2+ 68. Kh5 Qd5+ 69. Kg4 a5 70. Qg7+ Kd6 71. Qf8+ Kd7 72. Qg7+ Kc6
73. Qf6+ Kc5 74. Qe7+ Kc4 75. Qe2+ Qd3 76. Qa2+ Kb4 77. Qb2+ Kc5 78. Qe5+ Qd5
79. Qc7+ Kb4 80. Qb6+ Kc4 81. Qa6+ Kc3 82. Qh6 Qd4+ 83. Kf5 Qd3+ 84. Ke5 a4 85.
Qc6+ Qc4 86. Qf3+ Kb2 87. Qf2+ Kb3 88. Kf6 Qc3+ 89. Kg5 a3 90. Qb6+ Kc2 91. Qe6
Qa5+ 92. Kh4 Qa4+ 93. Kh5 a2 94. Qe2+ Kc1 95. Qe3+ Kb2 96. Qd2+ Qc2 97. Qb4+ Kc1
98. Qf4+ Qd2 99. Qc4+ Kb2 100. Qb5+ Ka3 101. Qa6+ Kb3 102. Qb5+ Qb4 103. Qd3+
Ka4 104. Qd1+ Qb3 105. Qd4+ Ka3 106. Qc5+ Kb2 107. Qe5+ Qc3 108. Qb5+ Kc2 109.
Qe2+ Qd2 110. Qc4+ Kb2 111. Qb5+ Kc1 112. Qc4+ Qc2 113. Qf4+ Kd1 114. Qf1+ Kd2
115. Qf2+ Kd3 116. Qf5+ Kc3 117. Qc5+ Kd2 118. Qf2+ Kc1 119. Qf4+ Qd2 120. Qc4+
Kb2 121. Qb5+ Ka3 122. Qa6+ Kb3 123. Qb5+ Qb4 124. Qd3+ Ka4 125. Qd1+ Qb3 126.
Qd4+ Kb5 127. Qe5+ Kc6 128. Qe8+ Kc5 129. Qf8+ Kd4 130. Qf4+ Kc3 131. Qe3+ Kb2
132. Qd2+ Qc2 133. Qb4+ Kc1 134. Qf4+ Qd2 135. Qc4+ Kb1 136. Qb5+ Kc2 137. Qc4+
Kb2 138. Qb5+ Ka3 139. Qa6+ Kb4 140. Qb6+ Kc4 141. Qc6+ Kb3 142. Qb5+ Qb4 143.
Qd3+ Ka4 144. Qd1+ Ka5 145. Qd8+ Ka4 146. Qd1+ Qb3 147. Qd4+ Kb5 148. Qe5+ Kc6
149. Qf6+ Kb7 150. Qe7+ Ka6 151. Qd6+ Qb6 1/2-1/2